00507nam a2200157Ia 4500008004100000082001900041100001900060245001900079260003300098300001000131630001800141650004700159942000900206952011700215999001700332211109s9999||||xx |||||||||||||| ||und|| a891.433bIND-A aIndra, Vidya V 0aAprathi Kaun ? bRaghal And SonsaDelhic1900 a238p. xGeneral Stack aHindi LiteraturevHindi FictionxGeneralia cBOOK 00104070aSBCLbSBCLc2d2021-11-09g100.00l0o891.433 IND-Ap00022186r2021-11-09 00:00:00w2021-11-09yBOOK c21460d21460